logo

Bir Sreshtho Munshi Abdur Rouf Library
Jhenaidah Cadet College

The three poor men and the angel / (Record no. 13216)

MARC details
000 -LEADER
fixed length control field 00808nam a2200265 a 4500
001 - CONTROL NUMBER
JCCL Control Number 13216
003 - CONTROL NUMBER IDENTIFIER
JCCL marc code BD-JhCC
005 - DATE AND TIME OF LATEST TRANSACTION
control field 20230727092920.0
008 - FIXED-LENGTH DATA ELEMENTS--GENERAL INFORMATION
fixed length control field 230726s20192021bg |||| |||| 000 0 ben d
035 ## - SYSTEM CONTROL NUMBER
system control number (BD-JhCC)13216
040 ## - CATALOGING SOURCE
Original cataloging agency BD-JhCC
Modifying agency BD-JhCC
041 ## - LANGUAGE CODE
Language code of Book ben
082 ## - DEWEY DECIMAL CLASSIFICATION NUMBER
Classification number 398.20956
Author mark and Year MOS 2021
100 ## - MAIN ENTRY--PERSONAL NAME
Personal name Mosleh, Tabassum
245 ## - TITLE STATEMENT
Title The three poor men and the angel /
Statement of responsibility, etc Tabassum Mosleh; illus. by Md Musfique Akhter Rono and edited by Abu Tasmiya Ahmed Rafique
260 ## - PUBLICATION, DISTRIBUTION, ETC. (IMPRINT)
Place of publication, distribution, etc Dhaka :
Name of publisher, distributor, etc Sean Publication,
Date of publication, distribution, etc 2021
300 ## - PHYSICAL DESCRIPTION
Pagination 30 pages :
Other physical details color pages;
Dimensions 17 cm.
490 ## - SERIES STATEMENT
Series statement Level-2
504 ## - BIBLIOGRAPHY, ETC. NOTE
Bibliography, etc Includes Bibliography.
650 ## - SUBJECT ADDED ENTRY--TOPICAL TERM
Topical term or geographic name as entry element Juvenile Literature
650 ## - SUBJECT ADDED ENTRY--TOPICAL TERM
Topical term or geographic name as entry element Islamic story
700 ## - ADDED ENTRY--PERSONAL NAME
Personal name Rono, Md Musfique Akhter
700 ## - ADDED ENTRY--PERSONAL NAME
Personal name Rafique, Abu Tasmiya Ahmed
942 ## - ADDED ENTRY ELEMENTS (KOHA)
Source of classification or shelving scheme Dewey Decimal Classification
Koha item type Books
Holdings
Source of classification or shelving scheme Damaged status Not for loan Home library Current library Shelving location Date of accession Cost, normal purchase price Total Checkouts Full call number Barcode Date last seen Copy number Method of acquisition Koha item type Currency
Dewey Decimal Classification     JCC Rouf Library JCC Rouf Library General Stacks 06/23/2023 105.00   398.20956 MOS 2021 18417 07/27/2023 C-1 Purchase Books BDT

JCC Library | Contacts | JCC Home

Last Update on 23 September 2017
Copyright @ 2017-2020 JCC Rouf Library
Rouf Library, Jhenidah Cadet College (JCC), Bangladesh